Southville International School and Colleges
Your cart is empty.
  • Cart
  • Lists
    Public lists Eva Luna New books Lux_list list_1
    Your lists Log in to create your own lists
  • Log in to your account
  • Your cookies
  • Search history
Southville International School and Colleges
  • Advanced search
  • Recent comments
  • Most popular
  • Libraries

Log in to your account

Log in with GOOGLE


If you do not have an external account, but do have a local account, you can still log in:

  1. Home
  2. MARC view: Cave and shadows /
Normal view MARC view ISBD view

Cave and shadows / (Record no. 363186)

[ view plain ]
MARC details
000 -LEADER
fixed length control field 00631nam a2200217Ia 4500
008 - FIXED-LENGTH DATA ELEMENTS--GENERAL INFORMATION
fixed length control field 200601s9999 xx 000 0 und d
020 ## - INTERNATIONAL STANDARD BOOK NUMBER
International Standard Book Number 978-621-420-187-7
050 ## - LIBRARY OF CONGRESS CALL NUMBER
Classification number FIL PR 9550.9
050 ## - LIBRARY OF CONGRESS CALL NUMBER
Item number .J63 2017
100 ## - MAIN ENTRY--PERSONAL NAME
Personal name Joaquin, Nick.
245 #0 - TITLE STATEMENT
Title Cave and shadows /
245 #0 - TITLE STATEMENT
Statement of responsibility, etc Nick Joaquin; introfuction by Vicente Garcia Groyon.
260 ## - PUBLICATION, DISTRIBUTION, ETC. (IMPRINT)
Place of publication, distribution, etc Mandaluyong City :
260 ## - PUBLICATION, DISTRIBUTION, ETC. (IMPRINT)
Name of publisher, distributor, etc Anvil Publishing,
260 ## - PUBLICATION, DISTRIBUTION, ETC. (IMPRINT)
Date of publication, distribution, etc 2017
300 ## - PHYSICAL DESCRIPTION
Extent 276 pages :
300 ## - PHYSICAL DESCRIPTION
Dimensions 19 cm.
650 ## - SUBJECT ADDED ENTRY--TOPICAL TERM
Topical term or geographic name as entry element Detective and mystery series, Philippine (English).
650 ## - SUBJECT ADDED ENTRY--TOPICAL TERM
Topical term or geographic name as entry element Short stories, Philippine (English).
650 ## - SUBJECT ADDED ENTRY--TOPICAL TERM
General subdivision Crime -- Fiction.
Holdings
Withdrawn status Lost status Damaged status Home library Current library Shelving location Date acquired Cost, normal purchase price Total Checkouts Full call number Barcode Date last seen Price effective from Koha item type
      South Mansfield College South Mansfield College Filipiniana Section 01/10/2020 1.00   FIL PR 9550.9 .J63 2017 SMC06306 06/01/2020 06/01/2020 Books

Cave and shadows /

APA

Joaquin N., .Cave and shadows. Mandaluyong City: .

Chicago

Joaquin Nick, .Cave and shadows. Mandaluyong City: .

Harvard

Joaquin N., .Cave and shadows. Mandaluyong City: .

MLA

Joaquin Nick, .Mandaluyong City: . .

  • Place hold
  • Print
  • Cite
  • Add to your cart (remove)
  • Save record
    BIBTEX Dublin Core MARCXML MARC (non-Unicode/MARC-8) MARC (Unicode/UTF-8) MARC (Unicode/UTF-8, Standard) MODS (XML) RIS
  • More searches
    Search for this title in:
    Other Libraries (WorldCat) Other Databases (Google Scholar) Online Stores (Bookfinder.com) Open Library (openlibrary.org)

Exporting to Dublin Core...

SOUTHVILLE LIBRARY

Southville International School and Colleges Library

1281 Tropical Ave. Cor. Luxembourg St., BF Homes International, Las Pinas City

Tel. No. 8256374 / 252358 Loc. 117/146

Powered by Koha